000 00753nam a2200193Ii 4500
003 JO-AjNU
008 230605s9999||||xx |||||||||||||| ||und||
040 _aJO-AjNU
_bara
_erda
_cJO-AjNU
041 _aara
050 1 4 _aNA380 2015
100 3 _aالعزي، عزيز اسماعيل محمد,
_eauthor
_951526
245 0 0 _aعمارة الارض في المنظور الإسلامي : دراسة تأصيلية معمقة في التنمية
264 3 1 _aبغداد: مكتب رياض للطباعة، 2015
300 _a493ص
336 _atext
_btxt
_2rdacontent
337 _aunmediated
_bn
_2rdamedia
338 _avolume
_bnc
_2rdacarrier
650 4 _aعمارة الارض في المنظور الاسلامي-عمارة-الاسلام
_951527
999 _aA22769
_c26337
_d26337